000 00743nam a2200253Ia 4500
003 OSt
005 20220928102251.0
006 a|||||r|||| 00| 0
007 ta
008 220927b |||||||| |||| 00| 0 hin d
020 _c350
024 _a120643
037 _b313, 18/10/2012, Vidyanidhi Prakashan
_cTextual
040 _aSDCL
_cSDCL
_bhin
041 _2hin
_ahin
082 _aP15,C:3x3,1, Q2
100 _aShastri Shrivats
_9397522
245 0 _aBharthari aur Swopagvrati.
260 _aDelhi
_bVidhyanidhi Prakashan
_c2012
300 _a152p
_ccm.
650 _aSanskrit
_9391587
942 _hP15,C:3x3,1, Q2
_cTEXL
_2CC
999 _c713326
_d713326